| 000 | 00695nam a22001937a 4500 | ||
|---|---|---|---|
| 999 |
_c7748 _d7748 |
||
| 003 | AR-CdUCM | ||
| 008 | 190321b ||||| |||| 00| 0 spa d | ||
| 040 |
_aMUNICIPALIDAD PROVINCIAL DEL CUSCO _cBIBLIOTECA MUNICIPAL DEL CUSCO |
||
| 082 |
_a523.3 / _bM79 |
||
| 100 |
_aMoore, Patrich _921894 |
||
| 245 |
_aLa luna : _bexploración alunizaje atlas lunar / |
||
| 260 |
_aHolanda : _c1969. |
||
| 300 |
_a48 páginas ; _bIlustraciones, _c33 cm. |
||
| 505 | _aEl vasto firmamento -- La familia del sol -- Nuestro satélite natural -- Características de la luna -- Mapas de la luna ... | ||
| 650 |
_aSistema lunar _921895 |
||
| 700 |
_aGiménez, Miguel _921896 |
||
| 942 |
_2ddc _cLIBROS |
||
| 945 | _aacv | ||